000 00457cam a2200145 4500
001 6158
005 20181127181045.0
010 _a 59017609
020 _a444400006304
_c
_z
100 1 _aBapat, P. V.
_q(Purushottam Vishvanath)
245 1 0 _a2500 years of Buddhism /
_cP. V. Bapat.
260 _a[Delhi]
_bPublications Division, Ministry of Information and Broadcasting, Govt. of India
_c[1956]
300 _a503 p.
_billus.
_c21 cm.
650 0 _aBuddhism
_xHistory.
999 _c5201
_d5201